000 00274nam a2200109Ia 4500
008 220204s9999 xx 000 0 und d
082 _a82-3
_bWOD
100 _aWodehouse, P G
245 0 _aLord Emsworth and others
260 _aLondon
_bBarrie and Jenkins
_c1937
942 _cBK
999 _c30464
_d30464